| 000 | 00533nam a2200193 i 4500 | ||
|---|---|---|---|
| 001 | 60000 | ||
| 003 | ES-MaACL | ||
| 005 | 20230906164134.0 | ||
| 007 | t| | ||
| 008 | 031031s1962 sp ||||1| baq d | ||
| 100 | 1 |
_aErkiaga, Eusebio. _947402 |
|
| 245 | 1 | 0 |
_aBatetik bestera _b: galdu-gordeko ibillerak / _cEusebio Erkiaga. |
| 260 |
_aZarautz : _bItxaropena, _c1962. |
||
| 300 |
_a204 p. ; _c18 cm. |
||
| 490 | 1 | _aKuliska sorta | |
| 830 | 0 |
_aKuliska sorta _9182694 |
|
| 852 |
_aES-MaACL _jC-21691 _bR.50184 |
||
| 999 |
_c60000 _d60000 |
||